000 00617nam a22001577a 4500
003 OSt
005 20150930135312.0
008 150930b xxu||||| |||| 00| 0 eng d
040 _cRUA
082 _aAGR SON 2007 B034 Or.1
100 _91603
_aSONG, MAKARA.
245 _aProductive situation of phusatt orange in banan district, battambang province, ស្ថានភាពផលិតកម្មក្រូចពោធិសាត់នៅក្នុងស្រុកបាណន់ ខេត្តបាត់ដំបង
260 _aPhnom Penh
_bRUA
_c2007
300 _a52p.
_bill.
_c29cm.
942 _2ddc
_cAGR
999 _c1512
_d1512